000
00283nam a22001337a 4500
008
170208b xxu||||| |||| 00| 0 eng d
020
_a
9780838539309
041
_a
eng
080
_2
5ED
_a
61
100
_a
4
101
_a
SHM
245
_a
HUMAN DISEASE
_c
MULVIHILL
942
_2
udc
_c
BK
999
_c
4894
_d
4894